On colonialism

Đã lưu trong:
書目詳細資料
主要作者: Marx, Karl
格式: 圖書
語言:Undetermined
出版: Moscow Progress 1968
主題:
標簽: 添加標簽
沒有標簽, 成為第一個標記此記錄!
Thư viện lưu trữ: Trung tâm Học liệu Trường Đại học Cần Thơ
LEADER 00451nam a2200181Ia 4500
001 CTU_88683
008 210402s9999 xx 000 0 und d
082 |a 325.3 
082 |b M392 
100 |a Marx, Karl 
245 0 |a On colonialism 
245 0 |c Karl Marx, Frederick Engels 
260 |a Moscow 
260 |b Progress 
260 |c 1968 
650 |a Colonies 
904 |i Năm,Hải 
980 |a Trung tâm Học liệu Trường Đại học Cần Thơ